Normal view
MARC view
- Aunas Manzoor
Entry Personal Name
001 - CONTROL NUMBER
- control field: 98964
003 - CONTROL NUMBER IDENTIFIER
- control field: NUST
005 - DATE AND TIME OF LATEST TRANSACTION
- control field: 20220921101229.0
008 - FIXED-LENGTH DATA ELEMENTS
- fixed length control field: 220921|| aca||aabn | a|a d
040 ## - CATALOGING SOURCE
- Original cataloging agency: NUST
- Transcribing agency: NUST
100 ## - HEADING--PERSONAL NAME
- Personal name: Aunas Manzoor
670 ## - SOURCE DATA FOUND
- Source citation: Work cat.: (NUST)13423: Aunas Manzoor, Unordered escape routing in dense PDBs using optimization theory, 2014
